000 00693nam a2200205 i 4500
001 84330
003 ES-MaACL
005 20231229063023.0
007 t|
008 041122m19401950sp ||||1| spa d
100 1 _aJiménez Díaz, Carlos,
_d1898-1967
_966515
245 1 0 _aLecciones de Patología médica /
_cC. Jiménez Díaz ; tomadas taquigráficamente por J. de Paz Montalvo.
250 _a3ª ed.
260 _aBarcelona :
_bCientífico Médica,
_c1940-1950 (
_fClarasó)
300 _a7 v. :
_bil. ;
_c25 cm.
500 _aEl v. 3 es de la 2ª ed. y el 4º de la 1ª.
700 1 _aPaz Montalvo, J. de.
_989777
852 _aES-MaACL
_jE-4573-9
999 _c84330
_d84330